Language Quiz

Random Language or Author Quiz
Score 0/20 Timer 05:00
0 Plays Today
% Correct
Utopia
68.4%
Meme
57.9%
Nerd
52.6%
Pandemonium
52.6%
Chortle
47.4%
Eyesore
47.4%
Butterfingers
42.1%
Gremlin
42.1%
Chintzy
31.6%
International
26.3%
% Correct
Muscleman
23.7%
Freelance
23.7%
Factoid
21.1%
Pedestrian
21.1%
Scientist
21.1%
Workaholic
21.1%
Tween
21.1%
Litterbug
18.4%
Debunk
15.8%
Tightwad
10.5%
Remove Ads.
Support Sporcle.
Get the best of Sporcle when you Go Orange. This ad-free experience offers more features, more stats, and more fun while also helping to support Sporcle. Thank you for becoming a member.

You're not logged in!

Compare scores with friends on all Sporcle quizzes.
OR
Log In

Show Comments

Extras

Top Quizzes Today


Score Distribution

Your Account Isn't Verified!

In order to create a playlist on Sporcle, you need to verify the email address you used during registration. Go to your Sporcle Settings to finish the process.

Report this User

Report this user for behavior that violates our Community Guidelines.

Details: